000 00235nam a22000857a 4500
999 _c11367
_d11367
008 190401b ||||| |||| 00| 0 eng d
020 _a9781504312944
100 _97106
_aHATTIE JOHN
245 _aVISIBLE LEARNING FOR MATHEMATICS GRADES K -12